000 00501nam a22001577a 4500
005 20231116101756.0
008 231116b |||||||| |||| 00| 0 eng d
041 _aEnglish
082 _a343.9 COO
100 _aCooper, WE and Bamford, BR
_lEnglish
245 _aSouth African Motor Law /
_cWE Cooper and BR Bamford
260 _aCape Town :
_bJuta and Company Ltd,
_c1965
300 _bxlvi, 865 pages ;
_c26 cm.
650 _aLegal practice
_bLaw
942 _cBK
_6ALISON_BN_VRIES
999 _c722
_d722